00762nam a2200205 4500001000700000003000900007007000300016008004100019100002100060245024800081260004000329300004600369700002200415700001700437700001900454700001900473700001900492700002400511852002100535148099ES-MaACLt|070214s1985 sp r ||||1| spa d1 aStirling, James.10aJames Stirling, Michael Wilford y asociados b: obras y proyectos /cJames Stirling, Michael Wilford y asociados ; introducción por Colin Rowe ; Peter Arnell y Ted Bickford, eds. ; traducción castellana de Jaume Freixa y Santiago Castán. aBarcelona : bGustavo Gili, c1985. a346 p., 2 h. de lám. : bil. ; c29 cm.1 aWilford, Michael.1 aRowe, Colin.1 aArnell, Peter.1 aBickford, Ted.1 aFreixa, Jaume.1 aCastán, Santiago. aES-MaACLjL-9762